Titre des chansons de Miki - Statistiques

Statistiques générales
  • Ce quiz a été pris 35 fois
  • Le résultat moyen est 11 sur 18
Statistiques - réponses
Titre Album % Correct
Particule Industry plant
100%
Échec et mat Graou
81%
Ça pik un peu quand même Industry plant
74%
Miki Cowboy Industry plant
74%
Roger rabbit Industry plant
70%
Jtm encore Industry plant
63%
Cartoon sex Industry plant
59%
Scorpion ascendant scorpion Titre
59%
Hana one Industry plant
56%
Motherlode Graou
56%
Poly pocket Industry plant
56%
Yes Industry plant
56%
Aphexion Industry plant
52%
Bnf Industry plant
52%
Hajima Industry plant
52%
Héroïne Graou
48%
Switch switch Industry plant
48%
Contact High Titre
26%
Aucun quiz correspondant
Distribution des résultats
% des personnes avec chaque résultat
Percentile par nombre de réponses
Votre historique - résultats
Vous n’avez pas pris ce quiz